LEADER 01248nam0-22004091i-450- 001 990005555910203316 005 20110620045619.497 035 $a000555591 035 $aUSA01000555591 035 $a(ALEPH)000555591USA01 035 $a000555591 100 $a20101015d2010-------|0enac50------ba 101 $aeng 102 $aGB 105 $a|||| ||||| 200 1 $aLarge sample techniques for statistics$fJiming Jiang 210 $aNew York$cSpringer$d2010 215 $aXVII, 609 p.$c24 cm 225 2$aSpringer texts in statistics 410 1$12001$aSpringer texts in statistics 606 $acampionamento statistico$2FI 620 $dNew York 676 $a519.52$cTeoria del campionamento$v21 700 1$aJIANG,$bJiming$0614598 712 $aSpringer 801 $aIT$bSOL$c20120104 912 $a990005555910203316 950 $aDIP.TO SCIENZE ECONOMICHE - (SA)$dDS 500 519.52 JIA$e15617 DISES 951 $aDIP.TO SCIENZE ECONOMICHE - (SA)$bDS2010 1E 20101015 951 $a500 519.52 JIA$b15617 DISES 959 $aBK 969 $aDISES 979 $c20121027$lUSA01$h1533 979 $c20121027$lUSA01$h1613 996 $aLarge sample techniques for statistics$91131692 997 $aUNISA NUM $aUSA18425 LEADER 00982nam0 22002771i 450 001 SUN0044776 005 20060502120000.0 010 $a04-7159-617-5 100 $a20060502d1967 |0engc50 ba 101 $aeng 102 $aUS 105 $a|||| ||||| 200 1 $aHydraulic control systems$fHerbert E. Merritt 210 $aNew York$cWiley$d1967 215 $aIX, 358 p.$cill.$d24 cm. 620 $aUS$dNew York$3SUNL000011 676 $a629.8042$v21 700 1$aMerritt$b, Herbert E.$3SUNV036100$02629 712 $aWiley$3SUNV000201$4650 790 1$aMerritt, Herbert Eugene$zMerritt, Herbert E.$3SUNV107819 790 1$aMerritt, H. E.$zMerritt, Herbert E.$3SUNV107821 801 $aIT$bSOL$c20210503$gRICA 912 $aSUN0044776 950 $aUFFICIO DI BIBLIOTECA DEL DIPARTIMENTO DI INGEGNERIA$d05CONS J I 090 $e05 2727 20060502 996 $aHydraulic control systems$9106071 997 $aUNICAMPANIA